00788nam a2200205Ia 4500001001000000003000500010008004100015010001100056040000900067100003300076245015900109260003400268300001100302502008700313650002900400650004000429650003500469650002800504710005000532Para_9431CHAP220125s2008 xx 000 0 und d a203701 cCHAP aSánchez Trujillo, Evaristo aDeterminación morfológica, molecular y patogénica de los agentes causales de la marchitez y muerte del duraznero /c por Evaristo Sánchez Trujillo aChapingo, Méx. :b el autor a182 h. aTesis (M.C. en Protección Vegetal) UACh. Departamento Parasitología Agrícola aDurazno x enfermedades  aDurazno x enfermedades por hongos  aFruta de hueso x enfermedades aHongos fitopatógenos  aUACh. Departamento Parasitología Agrícola